000
00337 a2200157 4500
001
192998
020
_a
978-85-66642-58-2
040
_c
Magnum
100
_a
Hiratsuka, Lucia
240
1
0
_a
Chão de peixes
_l
por
245
1
0
_a
Chão de peixes
300
_a
40
362
0
_a
2018
697
_a
LITERATURA INFANTO-JUVENIL
942
_c
BK
999
_c
192998
_d
192998